Accesibilidad informática y discapacidad /
Guardat en:
| Autor principal: | |
|---|---|
| Format: | Llibre |
| Idioma: | espanyol |
| Publicat: |
Sevilla, España :
Mergablum,
2001, c2001
|
| Matèries: | |
| Etiquetes: |
Sense etiquetes, Sigues el primer a etiquetar aquest registre!
|
MARC
| LEADER | 00000nam^a2200000^a^4500 | ||
|---|---|---|---|
| 001 | 000156988 | ||
| 005 | 20250521000000.0 | ||
| 009 | 20260310100521.934 | ||
| 020 | |a 84-95118-41-6 | ||
| 037 | |a Acervo ITESO - Biblioteca | ||
| 041 | |a ESP | ||
| 082 | |a 371. 9043 |b TOL | ||
| 100 | |a Toledo Morales, Purificación |e (autor) | ||
| 245 | 1 | 0 | |a Accesibilidad informática y discapacidad / |c P. Toledo Morales ; pról. de Miguel Pérez Ramos. |
| 264 | 4 | |a Sevilla, España : |b Mergablum, |c 2001, c2001 | |
| 300 | |a 121 p. | ||
| 336 | |a texto |b txt |2 rdacontenido | ||
| 337 | |a sin mediación |b n |2 rdamedio | ||
| 338 | |a volumen |b nc |2 rdasoporte | ||
| 649 | |a XX | ||
| 650 | |a Alumnos Discapacitados | ||
| 650 | |a Problemas de Aprendizaje | ||
| 650 | |a Desarrollo Psicomotriz y Perceptual | ||
| 650 | |a Computadoras en la Educación | ||
| 650 | |a Apoyos Didácticos | ||
| 650 | |a Didáctica | ||
| 650 | |a Metodología Educativa | ||
| 650 | |a Proceso Educativo | ||
| 650 | |a Componentes (Hardware) | ||
| 650 | |a Sistemas Operativos | ||
| 650 | |a Navegadores (Ingeniería Computacional) | ||
| 650 | |a Paquetes (Software) | ||
| 650 | |a Páginas en Línea | ||
| 650 | |a Internet | ||
| 650 | |a Tecnologías de Comunicación e Información | ||
| 650 | |a Tecnologías de Comunicación e Información | ||
| 650 | |a Sistemas de Información | ||
| 650 | |a Ingeniería Computacional | ||
| 650 | |a Biblioteconomía | ||
| 650 | |a Diseño Industrial | ||
| 650 | |a Diseño Asistido por Computadora | ||
| 650 | |a Tecnología y Sociedad | ||
| 650 | |a Educación Especial | ||
| 910 | |a Fondo General | ||
| 920 | |a Impresos - Libros | ||
| 930 | |a Colección General | ||
| 905 | |a 101 | ||
| 901 | |a 0500085571 |b IT1 |c ACC |u 20250521 | ||
| 901 | |a 0500085568 |b IT1 |c ACC |u 20250521 | ||
| 902 | |a https://opac.biblio.iteso.mx/vufind/Record/000156988 | ||